000 00518nam a2200217Ia 4500
003 OSt
005 20220928144524.0
006 a|||||r|||| 00| 0
007 ta
008 220927b |||||||| |||| 00| 0 eng d
024 _a71331
037 _cTextual
040 _aSDCL
_cSDCL
_beng
041 _2eng
_aeng
082 _aX:8N1, N5
100 _aAdair John
_9428751
245 0 _aEffective communicator.
260 _c1995
942 _hX:8N1, N5
_cTEXL
_2CC
999 _c827511
_d827511